JRが2路線以上乗り入れる駅 - Statistics

General Stats
  • This quiz has been taken 550 times
    530 since last reset
  • The average score is 180 of 268
Answer Stats
都道府県 Answer 乗り入れ路線 % Correct
東京都 東京 東北新幹線、東海道新幹線、東北本線、東海道本線、総武本線、京葉線
92%
埼玉県 大宮 東北新幹線、上越新幹線、東北本線、高崎線、川越線
90%
群馬県 高崎 上越新幹線、北陸新幹線、信越本線、高崎線、上越線
89%
千葉県 千葉 総武本線、外房線
89%
東京都 上野 東北新幹線、東北本線
89%
東京都 品川 東海道新幹線、東海道本線、山手線
89%
北海道 旭川 宗谷本線、富良野線、函館本線
87%
栃木県 宇都宮 東北新幹線、東北本線、日光線
87%
東京都 新宿 中央本線、山手線
87%
東京都 八王子 中央本線、横浜線、八高線
87%
神奈川県 横浜 東海道本線、根岸線
87%
青森県 新青森 北海道新幹線、東北新幹線、奥羽本線
86%
青森県 青森 奥羽本線、津軽線
86%
岩手県 盛岡 東北新幹線、東北本線、山田線、田沢湖線
86%
神奈川県 川崎 東海道本線、南武線
86%
神奈川県 小田原 東海道新幹線、東海道本線
86%
愛知県 名古屋 東海道本線、中央本線、関西本線
86%
青森県 八戸 東北新幹線、八戸線
85%
宮城県 仙台 東北新幹線、東北本線、仙山線、仙石線
85%
福島県 福島 東北新幹線、東北本線、奥羽本線
85%
茨城県 水戸 常磐線、水郡線
85%
栃木県 小山 東北新幹線、東北本線、水戸線、両毛線
85%
千葉県 西船橋 総武本線、武蔵野線、京葉線
85%
東京都 赤羽 東北本線、赤羽線
85%
東京都 秋葉原 東北本線、総武本線(中央・総武線)
85%
東京都 立川 中央本線、南武線、青梅線
85%
神奈川県 大船 東海道本線、根岸線、横須賀線
85%
静岡県 熱海 東海道新幹線、東海道本線、伊東線
85%
北海道 新函館北斗 北海道新幹線、函館本線
84%
秋田県 秋田 奥羽本線、羽越本線
84%
福島県 郡山 東北新幹線、東北本線、磐越東線、磐越西線
84%
東京都 池袋 山手線、赤羽線
84%
静岡県 浜松 東海道新幹線、東海道本線
84%
千葉県 蘇我 京葉線、内房線、外房線
83%
神奈川県 新横浜 東海道新幹線、横浜線
83%
新潟県 新潟 上越新幹線、信越本線、越後線、白新線
83%
山梨県 甲府 中央本線、身延線
83%
長野県 長野 北陸新幹線、信越本線
83%
岐阜県 岐阜 東海道本線、高山本線
83%
愛知県 豊橋 東海道新幹線、東海道本線、飯田線
83%
京都府 京都 東海道新幹線、東海道本線、山陰本線、奈良線
83%
大阪府 大阪 東海道本線、大阪環状線
83%
富山県 富山 北陸新幹線、高山本線
82%
福井県 敦賀 北陸新幹線、北陸本線、小浜線
82%
長野県 松本 篠ノ井線、大糸線
82%
静岡県 富士 東海道本線、身延線
82%
大阪府 新大阪 東海道新幹線、山陽新幹線、東海道本線、おおさか東線
82%
山形県 新庄 奥羽本線、陸羽東線、陸羽西線
81%
静岡県 三島 東海道新幹線、東海道本線
81%
静岡県 静岡 東海道新幹線、東海道本線
81%
静岡県 掛川 東海道新幹線、東海道本線
81%
滋賀県 米原 東海道新幹線、東海道本線、北陸本線
81%
埼玉県 熊谷 上越新幹線、高崎線
80%
埼玉県 武蔵浦和 東北本線(埼京線)、武蔵野線
80%
東京都 神田 東北本線、中央本線
80%
栃木県 那須塩原 東北新幹線、東北本線
79%
埼玉県 南浦和 東北本線、武蔵野線
79%
新潟県 長岡 上越新幹線、信越本線
79%
新潟県 越後湯沢 上越新幹線、上越線
79%
静岡県 沼津 東海道本線、御殿場線
79%
岡山県 岡山 山陽新幹線、山陽本線、宇野線、津山線、吉備線
79%
広島県 広島 山陽新幹線、山陽本線、芸備線
79%
東京都 拝島 八高線、青梅線、五日市線
78%
神奈川県 鶴見 東海道本線、鶴見線
78%
滋賀県 草津 東海道本線、草津線
78%
大阪府 天王寺 関西本線、大阪環状線、阪和線
78%
奈良県 奈良 関西本線、桜井線
78%
和歌山県 和歌山 紀勢本線、阪和線、和歌山線
78%
岩手県 一ノ関 東北新幹線、東北本線、大船渡線
77%
宮城県 石巻 石巻線、仙石線
77%
福島県 いわき 常磐線、磐越東線
77%
東京都 日暮里 東北本線、常磐線
77%
東京都 西国分寺 中央本線、武蔵野線
77%
神奈川県 東神奈川 東海道本線、横浜線
77%
神奈川県 茅ヶ崎 東海道本線、相模線
77%
神奈川県 橋本 横浜線、相模線
77%
富山県 高岡 氷見線、城端線
77%
富山県 新高岡 北陸新幹線、城端線
77%
愛知県 三河安城 東海道新幹線、東海道本線
77%
兵庫県 姫路 山陽新幹線、山陽本線、播但線、姫新線
77%
山口県 新山口 山陽新幹線、山陽本線、宇部線、山口線
77%
千葉県 我孫子 常磐線、成田線
76%
千葉県 安房鴨川 内房線、外房線
76%
長野県 塩尻 中央本線、篠ノ井線
76%
岩手県 花巻 東北本線、釜石線
75%
岩手県 北上 東北新幹線、東北本線、北上線
75%
山形県 米沢 奥羽本線、米坂線
75%
群馬県 新前橋 上越線、両毛線
75%
東京都 府中本町 南武線、武蔵野線
75%
神奈川県 国府津 東海道本線、御殿場線
75%
鳥取県 鳥取 山陰本線、因美線
75%
北海道 網走 石北本線、釧網本線
74%
北海道 苫小牧 室蘭本線、日高本線
74%
福島県 会津若松 磐越西線、只見線
74%
福島県 新白河 東北新幹線、東北本線
74%
東京都 田端 東北本線、山手線
74%
神奈川県 武蔵小杉 東海道本線(品鶴線)、南武線
74%
新潟県 燕三条 上越新幹線、弥彦線
74%
京都府 福知山 山陰本線、福知山線
74%
広島県 福山 山陽新幹線、山陽本線、福塩線
74%
香川県 高松 予讃線、高徳線
74%
福岡県 博多 山陽新幹線、九州新幹線、鹿児島本線、博多南線
74%
秋田県 大曲 奥羽本線、田沢湖線
73%
愛知県 金山 東海道本線、中央本線
73%
兵庫県 尼崎 東海道本線、JR東西線、福知山線
73%
兵庫県 相生 山陽新幹線、山陽本線、赤穂線
73%
鳥取県 米子 山陰本線、堺線
73%
岡山県 倉敷 山陽本線、伯備線
73%
福岡県 小倉 山陽新幹線、鹿児島本線、日豊本線
73%
北海道 長万部 函館本線、室蘭本線
72%
岩手県 新花巻 東北新幹線、釜石線
72%
宮城県 小牛田 東北本線、石巻線、陸羽東線
72%
茨城県 友部 常磐線、水戸線
72%
千葉県 大網 総武本線、外房線
72%
山梨県 小淵沢 中央本線、小海線
72%
兵庫県 西明石 山陽新幹線、山陽本線
72%
徳島県 徳島 高徳線、牟岐線
72%
宮城県 古川 東北新幹線、陸羽東線
71%
埼玉県 高麗川 川越線、八高線
71%
千葉県 成東 総武本線、東金線
71%
新潟県 新発田 信越本線、白新線
71%
新潟県 新津 羽越本線、信越本線、只見線
71%
長野県 飯山 北陸新幹線、飯山線
71%
三重県 亀山 関西本線、紀勢本線
71%
京都府 山科 東海道本線、湖西線
71%
山口県 新下関 山陽新幹線、山陽本線
71%
熊本県 熊本 九州新幹線、鹿児島本線、豊肥本線
71%
鹿児島県 鹿児島 鹿児島本線、日豊本線
71%
千葉県 新松戸 常磐線、武蔵野線
70%
千葉県 木更津 内房線、久留里線
70%
千葉県 佐倉 総武本線、成田線
70%
東京都 御茶ノ水 中央本線、総武本線(中央・総武線)
70%
新潟県 糸魚川 北陸新幹線、大糸線
70%
鹿児島県 鹿児島中央 九州新幹線、鹿児島本線、指宿枕崎線
70%
群馬県 倉賀野 高崎線、八高線
69%
新潟県 浦佐 上越新幹線、上越線
69%
岐阜県 多治見 中央本線、太多線
69%
三重県 松阪 紀勢本線、名松線
69%
京都府 木津 関西本線、奈良線、片町線
69%
大阪府 京橋 大阪環状線、JR東西線、片町線
69%
兵庫県 加古川 山陽本線、加古川線
69%
岡山県 新倉敷 山陽新幹線、山陽本線
69%
山口県 岩国 山陽本線、岩徳線
69%
山口県 徳山 山陽新幹線、山陽本線
69%
大分県 大分 日豊本線、久大本線、豊肥本線
69%
北海道 滝川 函館本線、根室本線
68%
北海道 白石 函館本線、千歳線
68%
秋田県 東能代 奥羽本線、五能線
68%
長野県 辰野 中央本線(辰野支線)、飯田線
68%
滋賀県 近江塩津 北陸本線、湖西線
68%
福岡県 久留米 九州新幹線、鹿児島本線、久大本線
68%
長崎県 長崎 西九州新幹線、長崎本線
68%
北海道 富良野 根室本線、富良野線
67%
北海道 南千歳 千歳線、石勝線
67%
群馬県 渋川 上越線、吾妻線
67%
岡山県 津山 姫新線、津山線
67%
岡山県 新見 伯備線、姫新線
67%
北海道 岩見沢 函館本線、室蘭本線
66%
秋田県 横手 奥羽本線、北上線
66%
栃木県 宝積寺 東北本線、烏山線
66%
新潟県 柏崎 信越本線、越後線
66%
長野県 佐久平 北陸新幹線、小海線
66%
大阪府 西九条 大阪環状線、桜島線
66%
兵庫県 神戸 東海道本線、山陽本線
66%
広島県 三原 山陽新幹線、山陽本線、呉線
66%
長崎県 諫早 西九州新幹線、長崎本線、大村線
66%
秋田県 大館 奥羽本線、花輪線
65%
岐阜県 美濃太田 高山本線、太多線
65%
山口県 厚狭 山陽新幹線、山陽本線、美祢線
65%
佐賀県 鳥栖 鹿児島本線、長崎本線
65%
北海道 新得 根室本線、石勝線
64%
北海道 深川 函館本線、留萌本線
64%
北海道 木古内 北海道新幹線、海峡線
64%
宮城県 岩沼 東北本線、常磐線
64%
佐賀県 新鳥栖 九州新幹線、長崎本線
64%
北海道 東釧路 釧網本線、根室本線
63%
山形県 北山形 奥羽本線、左沢線
63%
島根県 益田 山陰本線、山口線
63%
福岡県 門司 山陽本線、鹿児島本線
63%
佐賀県 武雄温泉 西九州新幹線、佐世保線
63%
東京都 代々木 中央本線、山手線
62%
奈良県 王寺 関西本線、和歌山線
62%
山口県 宇部 山陽本線、宇部線
62%
香川県 宇多津 予讃線、本四備讃線
62%
佐賀県 唐津 筑肥線、唐津線
62%
熊本県 新八代 九州新幹線、鹿児島本線
62%
千葉県 香取 成田線、鹿島線
61%
長野県 篠ノ井 信越本線、篠ノ井線
61%
愛知県 大府 東海道本線、武豊線
61%
香川県 多度津 予讃線、土讃線
61%
新潟県 坂町 羽越本線、米坂線
60%
新潟県 東三条 信越本線、弥彦線
60%
長崎県 新大村 西九州新幹線、大村線
60%
宮崎県 都城 日豊本線、吉都線
60%
鹿児島県 川内 九州新幹線、鹿児島本線
60%
北海道 新旭川 宗谷本線、石北本線
59%
北海道 追分 室蘭本線、石勝線
59%
秋田県 追分 奥羽本線、男鹿線
59%
神奈川県 浜川崎 南武線(尻手支線)、鶴見線
59%
宮崎県 南宮崎 日豊本線、日南線
59%
京都府 東舞鶴 舞鶴線、小浜線
58%
広島県 備後落合 芸備線、木次線
58%
大阪府 日根野 阪和線、関西空港線
57%
岡山県 総社 伯備線、吉備線
57%
山口県 小野田 山陽本線、小野田線
57%
青森県 奥津軽いまべつ 北海道新幹線、海峡線
56%
千葉県 松岸 総武本線、成田線
56%
新潟県 吉田 越後線、弥彦線
56%
三重県 多気 紀勢本線、参宮線
56%
三重県 柘植 関西本線、草津線
56%
広島県 横川 山陽本線、可部線
56%
北海道 桑園 函館本線、札沼線
55%
岡山県 東岡山 山陽本線、赤穂線
55%
山口県 長門市 山陰本線、美祢線
55%
山形県 余目 羽越本線、陸羽西線
54%
福島県 安積永盛 東北本線、水郡線
54%
鳥取県 伯耆大山 山陰本線、伯備線
54%
島根県 宍道 山陰本線、木次線
54%
京都府 綾部 山陰本線、舞鶴線
53%
大阪府 久宝寺 関西本線、おおさか東線
53%
兵庫県 和田山 山陰本線、播但線
53%
岡山県 茶屋町 本四備讃線、宇野線
53%
広島県 海田市 山陽本線、呉線
53%
山口県 幡生 山陽本線、山陰本線
53%
大阪府 今宮 関西本線、大阪環状線
52%
奈良県 高田 和歌山線、桜井線
52%
大阪府 放出 片町線、おおさか東線
51%
熊本県 八代 鹿児島本線、肥薩線
51%
青森県 川部 奥羽本線、五能線
50%
新潟県 越後川口 上越線、飯山線
50%
広島県 塩町 福塩線、芸備線
50%
佐賀県 江北 長崎本線、佐世保線
50%
山形県 羽前千歳 奥羽本線、仙山線
49%
新潟県 小出 上越線、只見線
48%
福岡県 折尾 鹿児島本線、筑豊本線
48%
福岡県 香椎 鹿児島本線、香椎線
48%
福岡県 筑後船小屋 九州新幹線、鹿児島本線
48%
兵庫県 谷川 福知山線、加古川線
47%
愛媛県 北宇和島 予讃線、予土線
47%
福岡県 西小倉 鹿児島本線、日豊本線
47%
長崎県 早岐 佐世保線、大村線
47%
北海道 沼ノ端 室蘭本線、千歳線
46%
新潟県 宮内 信越本線、上越線
46%
岡山県 東津山 姫新線、因美線
46%
岡山県 備中神代 伯備線、芸備線
46%
福岡県 田川後藤寺 日田彦山線、後藤寺線
46%
愛媛県 内子 予讃線、内子線
45%
徳島県 土讃線、徳島線
44%
鹿児島県 隼人 日豊本線、肥薩線
44%
宮城県 前谷地 石巻線、気仙沼線
43%
福岡県 新飯塚 筑豊本線、後藤寺線
43%
熊本県 宇土 鹿児島本線、三角線
43%
鹿児島県 吉松 肥薩線、吉都線
42%
大阪府 鴫野 片町線、おおさか東線
41%
徳島県 池谷 高徳線、鳴門線
41%
福岡県 原田 鹿児島本線、筑豊本線
40%
福岡県 吉塚 鹿児島本線、篠栗線
39%
山口県 櫛ヶ浜 山陽本線、岩徳線
37%
宮崎県 田吉 日南線、宮崎空港線
37%
徳島県 佐古 高徳線、徳島線
36%
青森県 中小国 海峡線、津軽線
35%
福岡県 桂川 筑豊本線、篠栗線
34%
福岡県 長者原 篠栗線、香椎線
33%
福岡県 城野 日豊本線、日田彦山線
32%
佐賀県 久保田 長崎本線、唐津線
31%
佐賀県 山本 筑肥線、唐津線
31%
山口県 居能 宇部線、小野田線
26%
愛媛県 新谷 予讃線、内子線
20%
No matching quizzes found
Score Distribution
Percent of People with Each Score
Percentile by Number Answered
Your Score History
You have not taken this quiz since the last reset